[Event "Steinfurt Bezirksliga 1516"]
[Site "Germany"]
[Date "2016.01.23"]
[Round "5.5"]
[White "Radisic, Sascha"]
[Black "Richter, Michael"]
[Result "1/2-1/2"]
[WhiteElo "1616"]
[BlackElo "1603"]
[PlyCount "38"]
[EventDate "2015.09.19"]
[EventType "team-tourn"]
[EventRounds "9"]
[EventCountry "GER"]
[SourceTitle "EXT 2017"]
[Source "ChessBase"]
[SourceDate "2016.10.25"]
[SourceVersion "1"]
[SourceVersionDate "2016.10.25"]
[SourceQuality "1"]
[WhiteTeam "Steinfurt II"]
[BlackTeam "Reckenfeld"]
[WhiteTeamCountry "GER"]
[BlackTeamCountry "GER"]

1. Nf3 d5 2. c4 e6 3. g3 Nf6 4. Bg2 Be7 5. 0-0 0-0 6. b3 c5 7. Bb2 b6 8. Ne5 Bb7 9. e3 Nc6 10. Nxc6 Bxc6 11. d4 Rc8 12. dxc5 Bxc5 13. Nd2 dxc4 14. Bxc6 Rxc6 15. Nxc4 Nd5 16. Qg4 f6 17. Rfd1 Qc7 18. a3 b5 19. Nd2 Bxe3 1/2-1/2

[Event "Steinfurt Bezirksliga 1213"]
[Site "Germany"]
[Date "2012.09.22"]
[Round "1.3"]
[White "Radisic, Sascha"]
[Black "Fehlings, Gerd"]
[Result "1/2-1/2"]
[WhiteElo "1666"]
[BlackElo "1713"]
[PlyCount "121"]
[EventDate "2012.09.22"]
[EventType "team-tourn"]
[EventRounds "9"]
[EventCountry "GER"]
[SourceTitle "EXT 2015"]
[Source "ChessBase"]
[SourceDate "2014.11.20"]
[SourceVersion "1"]
[SourceVersionDate "2014.11.20"]
[SourceQuality "1"]
[WhiteTeam "Steinfurt II"]
[BlackTeam "Emsdetten Rochade II"]
[WhiteTeamCountry "GER"]
[BlackTeamCountry "GER"]

1. Nf3 e6 2. c4 c6 3. b3 d5 4. Bb2 Nd7 5. g3 f5 6. Bg2 Ngf6 7. Qc2 Bd6 8. d4 Qe7 9. 0-0 0-0 10. Nbd2 Ne4 11. e3 Ndf6 12. Ne5 Bd7 13. Ndf3 Be8 14. c5 Bc7 15. b4 Bh5 16. Ne1 Nd7 17. N1d3 Nxe5 18. Nxe5 Nf6 19. f3 Nd7 20. a3 Rad8 21. Bc3 Qf6 22. Qb2 a6 23. a4 Nxe5 24. dxe5 Qg5 25. Rae1 Qe7 26. a5 g5 27. f4 Qg7 28. Qf2 Kh8 29. Bd4 Qh6 30. Bf3 Rd7 31. Bxh5 Qxh5 32. Qe2 Qh3 33. Qg2 Qh6 34. Kf2 Bd8 35. Ke2 Rg7 36. Kd3 Rfg8 37. Qf2 Rg6 38. Rg1 Qg7 39. Rg2 gxf4 40. exf4 h5 41. Qf3 Qh6 42. Reg1 R8g7 43. Be3 Kg8 44. h4 Rg4 45. Rh2 Qg6 46. Rh3 Kf7 47. Kd4 Qh7 48. Bf2 Qg8 49. Rgh1 Be7 50. Be1 R7g6 51. Bf2 Qg7 52. Qe3 Bd8 53. Be1 Bc7 54. Bf2 Ke7 55. Be1 Bxe5+ 56. Qxe5 Qxe5+ 57. Kxe5 Rg8 58. Bf2 Rd8 59. Bd4 Rdg8 60. Rg1 R4g6 61. Rg2 1/2-1/2

[Event "Steinfurt Bezirksliga 1112"]
[Site "Germany"]
[Date "2012.06.02"]
[Round "9.1"]
[White "Radisic, Sascha"]
[Black "Schneider, Richard2222"]
[Result "1-0"]
[WhiteElo "1656"]
[BlackElo "1600"]
[PlyCount "93"]
[EventDate "2011.10.01"]
[EventType "team-tourn"]
[EventRounds "9"]
[EventCountry "GER"]
[SourceTitle "EXT 2013"]
[Source "ChessBase"]
[SourceDate "2012.11.22"]
[SourceVersion "1"]
[SourceVersionDate "2012.11.22"]
[SourceQuality "1"]
[WhiteTeam "Steinfurt II"]
[BlackTeam "Emsdetten Rochade III"]
[WhiteTeamCountry "GER"]
[BlackTeamCountry "GER"]

1. Nf3 d5 2. c4 c6 3. b3 Nf6 4. Bb2 e6 5. g3 Nbd7 6. Bg2 g6 7. 0-0 Bg7 8. Qc2 0-0 9. e3 Qb6 10. d4 dxc4 11. Qxc4 Ne4 12. Nbd2 Ndf6 13. Nxe4 Nxe4 14. Qc2 Nd6 15. Rac1 Nf5 16. Rfd1 Ne7 17. Ba3 Re8 18. Qc5 Qc7 19. Ng5 Nf5 20. Bb2 Nd6 21. Qc2 Qa5 22. Ne4 Nxe4 23. Bxe4 Bd7 24. a3 Rac8 25. b4 Qb6 26. Qc5 Qxc5 27. Rxc5 Rcd8 28. Rdc1 Re7 29. a4 a6 30. Bd3 e5 31. dxe5 Bh3 32. Bf1 Bxf1 33. Kxf1 Rd2 34. Bc3 Rd3 35. Ke2 Red7 36. Bd4 Ra3 37. b5 Ra2+ 38. Kf1 Rxa4 39. bxc6 bxc6 40. Rxc6 Rd8 41. Rc8 Rxc8 42. Rxc8+ Bf8 43. Bc5 Rc4 44. Rxf8+ Kg7 45. Bd6 a5 46. Ra8 Ra4 47. Bf8+ 1-0

[Event "Steinfurt Bezirksliga 0809"]
[Site "Germany"]
[Date "2008.10.25"]
[Round "2.3"]
[White "Radisic, Sascha"]
[Black "Miethe, Christoph"]
[Result "1-0"]
[WhiteElo "1735"]
[BlackElo "1678"]
[PlyCount "107"]
[EventDate "2008.09.27"]
[EventType "team-tourn"]
[EventRounds "9"]
[EventCountry "GER"]
[SourceTitle "EXT 2010"]
[Source "ChessBase"]
[SourceDate "2010.11.25"]
[SourceVersion "1"]
[SourceVersionDate "2010.11.25"]
[SourceQuality "1"]
[WhiteTeam "Steinfurt II"]
[BlackTeam "Neuenkirchen II"]
[WhiteTeamCountry "GER"]
[BlackTeamCountry "GER"]

1. Nf3 Nf6 2. c4 d5 3. g3 e6 4. b3 dxc4 5. bxc4 c5 6. Bg2 Nc6 7. a3 g6 8. Bb2 Bg7 9. 0-0 0-0 10. Qc2 Qc7 11. d3 b6 12. Nc3 a6 13. Na4 Rb8 14. Rab1 Nd7 15. Bxg7 Kxg7 16. Qc3+ Kg8 17. Qd2 Nce5 18. Ng5 Qd6 19. Ne4 Qe7 20. Qf4 f5 21. Nexc5 g5 22. Qe3 f4 23. Qe4 fxg3 24. hxg3 bxc5 25. Rxb8 Nxb8 26. Qxe5 Nd7 27. Qc7 Kf7 28. f4 gxf4 29. Rxf4+ Kg8 30. Nb6 Rxf4 31. gxf4 Qf6 32. Qxc8+ Nf8 33. Nd7 Qd4+ 34. Kh2 Qxf4+ 35. Kg1 Qd4+ 36. Kf1 Qa1+ 37. Kf2 Qd4+ 38. Kf3 Qxd7 39. Qxc5 Qb7+ 40. Kf2 Qf7+ 41. Bf3 Qf6 42. Qh5 Qd4+ 43. Kg2 Ng6 44. Qg4 Qf6 45. Be4 Kh8 46. Bxg6 hxg6 47. c5 Kg7 48. c6 Qe5 49. Qe4 Qg5+ 50. Kf2 Qc5+ 51. d4 Qe7 52. Qe5+ Kf7 53. Qf4+ Ke8 54. Qb8+ 1-0

[Event "Steinfurt Bezirksliga 0708"]
[Site "Germany"]
[Date "2008.03.15"]
[Round "7.2"]
[White "Keller, Hansjuergen"]
[Black "Radisic, Sascha"]
[Result "1/2-1/2"]
[WhiteElo "1621"]
[BlackElo "1650"]
[PlyCount "30"]
[EventDate "2007.09.22"]
[EventType "team-tourn"]
[EventRounds "9"]
[EventCountry "GER"]
[SourceTitle "EXT 2009"]
[Source "ChessBase"]
[SourceDate "2008.11.26"]
[SourceVersion "1"]
[SourceVersionDate "2008.11.26"]
[SourceQuality "1"]
[WhiteTeam "Nordwalde II"]
[BlackTeam "Steinfurt II"]
[WhiteTeamCountry "GER"]
[BlackTeamCountry "GER"]

1. d4 Nf6 2. Nf3 e6 3. Bf4 d5 4. e3 c5 5. c3 Nc6 6. h3 c4 7. Be2 Bd6 8. Bg5 0-0 9. Nbd2 h6 10. Bxf6 Qxf6 11. e4 Qg6 12. e5 Be7 13. 0-0 f5 14. b3 b5 15. a4 b4 1/2-1/2

[Event "Steinfurt Bezirksliga 0708"]
[Site "Germany"]
[Date "2007.11.10"]
[Round "3.2"]
[White "Fehlings, Gerd"]
[Black "Radisic, Sascha"]
[Result "0-1"]
[WhiteElo "1648"]
[BlackElo "1650"]
[PlyCount "70"]
[EventDate "2007.09.22"]
[EventType "team-tourn"]
[EventRounds "9"]
[EventCountry "GER"]
[SourceTitle "EXT 2009"]
[Source "ChessBase"]
[SourceDate "2008.11.26"]
[SourceVersion "1"]
[SourceVersionDate "2008.11.26"]
[SourceQuality "1"]
[WhiteTeam "Emsdetten Rochade II"]
[BlackTeam "Steinfurt II"]
[WhiteTeamCountry "GER"]
[BlackTeamCountry "GER"]

1. d4 Nf6 2. Nf3 b6 3. g3 Bb7 4. Bg2 g6 5. 0-0 Bg7 6. c4 0-0 7. Nc3 d6 8. Qc2 a6 9. e4 c5 10. dxc5 dxc5 11. Bf4 Nh5 12. Rad1 Qc8 13. Be5 e6 14. Bxg7 Kxg7 15. e5 Rd8 16. Ne4 Rxd1 17. Rxd1 Bxe4 18. Qxe4 Qc6 19. Qh4 Qa4 20. Rd8 Nd7 21. Rxa8 Qd1+ 22. Bf1 Qxf3 23. Qd8 Nxe5 24. Rxa6 Qe4 25. Qd1 Nf3+ 26. Kg2 Ne1+ 27. Kh3 Qf5+ 28. g4 Nf4+ 29. Kg3 Qe5 30. f3 Nfd3+ 31. f4 Qxf4+ 32. Kh4 g5+ 33. Kh5 Qxh2+ 34. Bh3 Qxh3+ 35. Kxg5 Qh6# 0-1